| 000 | 00369nam a2200157Ia 4500 | ||
|---|---|---|---|
| 003 | 0STCL | ||
| 008 | 150530s9999 xx 000 0 und d | ||
| 040 |
_aSTCL _cSTCL |
||
| 100 | _aMyron, T. Herrick; Ingalls, R. | ||
| 245 | _aRural credits land and co operative | ||
| 260 | _c1920 | ||
| 546 | _aEnglish | ||
| 942 |
_2ddc _cBK |
||
| 999 |
_c9288 _d9288 |
||
| 005 | 20220125165524.0 | ||